| 000 | 00807nam a2200229 a 4500 | ||
|---|---|---|---|
| 999 |
_c10890 _d10890 |
||
| 001 | 10890 | ||
| 003 | BD-JhCC | ||
| 005 | 20220119134022.0 | ||
| 008 | 190526b20162010bd ||||| a||| 00| 0 ben d | ||
| 020 | _a9847015200046 | ||
| 035 | _a(BD-JhCC)10890 | ||
| 040 |
_aBD-JhCC _dBD-JhCC |
||
| 041 | _aben | ||
| 082 |
_bCHO 2016 _a510 |
||
| 100 | _aচক্রবর্তী, সৌমিত্র | ||
| 245 |
_aজ্যামিতির জন্য ভালবাসা : _bপ্রানের মাঝে গণিত বাজে / _cসৌমিত্র চক্রবতী । |
||
| 260 |
_aঢাকা, বাংলাদেশ: _bঅনুপম প্রকাশনী, _c2016. |
||
| 300 |
_a335 p. : _bIncluded _c22 cm. |
||
| 650 | _aMathematics | ||
| 942 |
_2ddc _cBK _06 |
||